STN EN 353-2: 2025 (83 2619), Osobné ochranné prostriedky proti pádu z výšky Časť 2 Záchytné zariadenia vedeného typu na pružnom kotviacom vedení
Táto slovenská technická norma je slovenskou verziou európskej normy EN 353-2: 2024. Preklad zabezpečil Úrad pre normalizáciu, metrológiu a skúšobníctvo Slovenskej republiky. Táto norma má rovnaké postavenie ako majú oficiálne verzie
| Other Authors: | , |
|---|---|
| Format: | Book |
| Language: | Slovak English |
| PhysicalDescription: | 44 strán ilustrácie, tabuľky 30 cm |
| Published: |
Bratislava
Úrad pre normalizáciu, metrológiu a skúšobníctvo Slovenskej republiky
2025
|
| Subjects: |
MARC
| LEADER | 00000cam a2200000 4500 | ||
|---|---|---|---|
| 001 | vtls012282066 | ||
| 003 | SK-MaSNL | ||
| 005 | 20260426014522.0 | ||
| 008 | 250902s2025 xo a f nu 000 0 slo | ||
| 015 | |a SNBN2025 | ||
| 020 | |q (brožované) | ||
| 040 | |a SNK |b slo |c SNK |e rda | ||
| 041 | 1 | |a slo |h eng | |
| 043 | |a e-xo--- |a e------ | ||
| 044 | |a xo |c SK | ||
| 046 | |a s |m 20250701 (účinná) | ||
| 072 | 7 | |a 006 |x Metrológia. Štandardizácia |2 konspekt | |
| 072 | 7 | |a 614.8 |x Úrazy a ich prevencia |2 konspekt | |
| 080 | |a 006.7/.8 |2 2011 | ||
| 080 | |a (437.6) |2 2011 | ||
| 080 | |a (4-6EU) |2 2011 | ||
| 080 | |a (083) |2 2011 | ||
| 080 | |a 614.89 |2 2011 | ||
| 084 | |a 13.340.60 |2 ICS | ||
| 130 | 0 | |a STN 83 2619 (STN EN 353-2) |9 737490 | |
| 245 | 1 | 0 | |a STN EN 353-2: 2025 (83 2619), Osobné ochranné prostriedky proti pádu z výšky |n Časť 2 |p Záchytné zariadenia vedeného typu na pružnom kotviacom vedení |
| 246 | 3 | 0 | |a Záchytné zariadenia vedeného typu na pružnom kotviacom vedení |
| 246 | 3 | 1 | |a EN 353-2: 2024 SK |
| 246 | 3 | 0 | |a Osobné ochranné prostriedky proti pádu z výšky |
| 264 | 1 | |a Bratislava |b Úrad pre normalizáciu, metrológiu a skúšobníctvo Slovenskej republiky |c 2025 | |
| 300 | |a 44 strán |b ilustrácie, tabuľky |c 30 cm | ||
| 336 | |a text |b txt |2 rdacontent | ||
| 337 | |a bez média |b n |2 rdamedia | ||
| 338 | |a zväzok |b nc |2 rdacarrier | ||
| 500 | |a Preložené z angličtiny | ||
| 500 | |a Spracovateľ: Branislav Kočan - Vydavateľstvo POČUJ, Natália Kočanová, Bratislava | ||
| 500 | |a Táto slovenská technická norma nahrádza STN EN 353-2 z januára 2025, ktorá od 1.1.2025 nahradila STN EN 353-2 zo septembra 2003 v celom rozsahu | ||
| 500 | |a Obsahuje poznámy | ||
| 504 | |a Normatívne referenčné dokumenty na strane 2, normatívne odkazy na strane 7 a bibliografia na strane 44 | ||
| 520 | 8 | |a Táto slovenská technická norma je slovenskou verziou európskej normy EN 353-2: 2024. Preklad zabezpečil Úrad pre normalizáciu, metrológiu a skúšobníctvo Slovenskej republiky. Táto norma má rovnaké postavenie ako majú oficiálne verzie | |
| 540 | |a STN vydané na akomkoľvek nosiči sa môžu rozmnožovať a rozširovať iba so súhlasom určenej právnickej osoby |b ÚNMS SR Bratislava |c zákon 60/2018 Z.z. | ||
| 546 | |a Súbežný názov v angličtine, francúzštine a nemčine | ||
| 650 | 0 | 7 | |a technické normy a štandardy |2 SNKPH |9 69944 |
| 650 | 0 | 7 | |a prostriedky osobnej ochrany |2 SNKPH |9 69398 |
| 650 | 0 | 7 | |a Technical standards |2 SNKPHeng |9 291771 |
| 650 | 0 | 7 | |a Personal protective equipment |2 SNKPHeng |9 290910 |
| 650 | 0 | 7 | |a pád z výšky |2 SNKPH |9 409274 |
| 651 | 7 | |a Slovensko |2 SNKPHgeo |9 14231 | |
| 651 | 7 | |a krajiny Európskej únie |2 SNKPHgeo |9 31482 | |
| 651 | 7 | |a Slovakia |2 SNKPHeng |9 92630 | |
| 651 | 7 | |a European Union countries |2 SNKPHeng |9 276031 | |
| 655 | 7 | |a normy |2 SNKPH |9 70643 | |
| 655 | 7 | |a Standards |2 SNKPHeng |9 287969 | |
| 700 | 1 | |a Kočan, Branislav |4 trl |9 373751 | |
| 700 | 1 | |a Kočanová, Natália |4 trl |9 309870 | |
| 710 | 1 | |a Slovensko. |b Úrad pre normalizáciu, metrológiu a skúšobníctvo |4 stn |9 158117 | |
| 710 | 2 | |a Slovensko. |b Úrad pre normalizáciu, metrológiu a skúšobníctvo. |b Technická komisia č. 91 Osobné ochranné prostriedky |4 stn |9 448078 | |
| 710 | 2 | |a Vydavateľstvo POČUJ (Bratislava, Slovensko) |4 stn |9 373752 | |
| 958 | |a NB | ||
| 958 | |a OP | ||
| 999 | |c 1160192 |d 1162122 | ||
| 952 | |a SNK |b SNK |y NEVYP |7 1 |p 17A1577238 |o snkSTN EN 353-2 |i snk2025/14756 |8 0 |0 0 |1 0 |4 0 |d 2025-09-19 |l 0 |r 2026-02-24 20:30:39 |w 2026-02-24 | ||


